Statistics for Every WWE Royal Rumble #30 Entrant

Click here to take the quiz!

General Stats

  • This quiz has been taken 32 times
  • The average score is 21 of 42

Answer Stats

Year of RumbleWrestler at #30% Correct
2016Triple-H
88%
1997The Undertaker
85%
2003The Undertaker
85%
2007The Undertaker
85%
2008John Cena
81%
2002Booker-T
77%
2017Roman Reigns
77%
2014Rey Mysterio
73%
2005Ric Flair
73%
2006Randy Orton
69%
2012Big Show
65%
2009Big Show
65%
2022Brock Lesnar
65%
2023Cody Rhodes
65%
2018Dolph Ziggler
65%
2015Dolph Ziggler
65%
2019Nia Jax
65%
2023 WNia Jax
65%
2020Seth Rollins
65%
2010Batista
62%
2018 WTrish Stratus
62%
2004Goldberg
50%
2021Braun Strowman
46%
1993Randy Savage
42%
2013Ryback
42%
2001Rikishi
38%
2022 WShayna Baszler
38%
2020 WShayna Baszler
38%
1989Ted DiBiase
38%
2019 WCarmella
35%
2000X-Pac
35%
1999Chyna
31%
1990Mr. Perfect
31%
2021 WNatalya
31%
1998Vader
27%
2011*Wade Barrett
23%
1994Adam Bomb
19%
1995Crush
15%
1991Tugboat
15%
1996Duke Droese
12%
1992The Warlord
12%
2018 GRR*Tyler Breeze
8%

Score Distribution

Percentile by Number Answered

Percent of People with Each Score

Your Score History

You have not taken this quiz